01516nam a2200373Ia 4500001001200000003000800012006001900020007001500039008004100054010001700095020004300112040002100155035002100176050002200197082001400219245016200233260005200395300002300447490004100470504005100511533015200562650002700714650002100741650002200762650002600784650003100810655002900841700004800870700002200918710001700940830004200957856012600999999001701125ebr10347249CaPaEBRm u cr cn|||||||||090305s2009 maua sb 001 0 eng d z 2009009084 z9780262013338 (hardcover : alk. paper) aCaPaEBRcCaPaEBR a(OCoLC)64685711914aGN60b.I56 2009eb04a599.922200aInnovation in cultural systemsh[electronic resource] :bcontributions from evolutionary anthropology /cedited by Michael J. O'Brien and Stephen J. Shennan. aCambridge, Mass. ;aLondon :bMIT Press,c2009. axi, 284 p. :bill.1 aVienna series in theoretical biology aIncludes bibliographical references and index. aElectronic reproduction.bPalo Alto, Calif. :cebrary,d2011.nAvailable via World Wide Web.nAccess may be limited to ebrary affiliated libraries. 0aPhysical anthropology. 0aHuman evolution. 0aSocial evolution. 0aHuman beingsxOrigin. 0aTechnological innovations. 7aElectronic books.2local1 aO'Brien, Michael J.q(Michael John),d1950-1 aShennan, Stephen.2 aebrary, Inc. 0aVienna series in theoretical biology.40uhttp://site.ebrary.com/lib/rucke/Doc?id=10347249zAn electronic book accessible through the World Wide Web; click to view c33716d33716